Die 35 beliebtesten Brettspiel-Klassiker - Statistiken

Allgemein
  • Dieses Quiz wurde 184 mal gespielt
  • Das Durchschnittsergebnis liegt bei 13 aus 35
Antwortstatistiken
Ursprung Herkunft Art Antwort % Korrekt
1910 🇩🇪 🔸 Würfel,- & Glücksspiel 🔸 Figuren ziehen Mensch ärgere dich nicht
90%
1933 🇺🇸 🔸 Wirtschaft & Strategie 🔸 Würfel,- & Glücksspiel Monopoly
87%
3. - 6. Jhd. 🇮🇳 🇨🇳 🔸 Strategie🔸 Figuren ziehen Schach
82%
1960 🇺🇸 🔸Würfel,- & Glücksspiel 🔸 Lebenssimulation Spiel des Lebens
74%
1949 🇺🇸 🔸 Buchstabenspiel 🔸 Strategie - Legespiel Scrabble
67%
1956 🇺🇸 🇩🇪 🔸 Würfel,- & Glücksspiel Yahtzee | Kniffel
66%
1995 🇩🇪 🔸Wirtschaft & Handel🔸Koop & Strategie Die Siedler von Catan
65%
0 - 200 n. Chr. Röm. Reich 🔸 Strategie,- & Legespiel Mühle
65%
16. Jhd. 🇪🇬 🔸 Strategie,- & Legespiel Dame
62%
1957 🇫🇷 🔸Krieg - Strategie Risiko
61%
1959 🇨🇭 🔸 Gedächtnisspiel Memory
54%
unbekannt unbekannt 🔸 Wort,- & Ratespiel🔸 Schreiben Stadt Land Fluss
51%
1972 unbekannt 🔸 Strategie & Logik 🔸 Krieg & Schiffe Flottenmanöver | Schiffe versenken
44%
1981 🇨🇦 🔸 Wissen & Quiz🔸 Würfel,- & Glücksspiel Trivial Pursuit
42%
1948 🇦🇺 🔸 Detektivspiel Cluedo
39%
1883 🇺🇸 🔸 Strategie & Geschicklichkeit Halma
37%
1986 🇩🇪 🔸 Schiebespiel🔸 Strategie - Legespiel Das verrückte Labyrinth
35%
1983 🏴󠁧󠁢󠁥󠁮󠁧󠁿 🔸 Detektivspiel🔸 Strategie & Koop Scotland Yard
31%
1990 🇺🇸 🔸 Rate,- & Partyspiel Tabu
29%
Antike unbekannt 🔸 Strategie,- & Würfelspiel Backgammon
28%
1979 🇺🇸 🔸 Logik & Konzentration 🔸 Zahlenrätsel Sudoku | Number Place
22%
1990 🇦🇹 🔸Party & Bewegung 🔸 Ratespiel Activity
21%
1974 🇺🇸 🔸 Strategie & Kombination Vier gewinnt
17%
1981 🇩🇪 🔸 Märchen & Gedächtnis 🔸 Würfel,- & Glücksspiel Sagaland
16%
1974 🏴󠁧󠁢󠁥󠁮󠁧󠁿 🔸 Strategie & Wettlauf Hase & Igel
15%
1971 🇮🇱 🔸 Logikspiel & Farbcodes Mastermind | Superhirn
13%
1959 🇩🇪 🔸 Würfel,- & Glücksspiel Malefiz
12%
1913 🇺🇸 🔸 Wissen & Logik 🔸 Buchstabenrätsel Kreuzworträtsel | Schwedenrätsel
10%
1930 🇮🇱 🔸 Strategie - Legespiel Rummikub
9%
1946 🇳🇱 🔸 Strategie Stratego
8%
1927 🇦🇹 🔸 Würfel,- & Glücksspiel Fang den Hut
6%
1992 🇩🇪 🔸 Bluff,- & Partyspiel 🔸 Kreativität Nobody is perfect
5%
1962 🇩🇪 🔸 Strategie & Erkundung 🔸 Würfel, - & Glücksspiel Deutschlandreise
1%
1986 🇺🇸 🔸 Rate,- & Wissensspiel Outburst!
1%
1989 🇺🇸 🔸 Wissen & Quiz 🔸 Ratespiel 20 Questions | Querdenker
0%
Keine übereinstimmenden Quizze gefunden
Verteilung der Resultate
Anzahl Personen mit jedem Resultat
Perzentil nach korrekt beantworteten Fragen
Ihre Resultats-Entwicklung
Sie haben dieses Quiz noch nicht gespielt